000 00701nam a22002057a 4500
005 20251108164225.0
008 250721s1983 xx 000 0 ara d
082 1 4 _a327.55/سيج
100 1 _aسيجف، شموئيل
245 1 0 _aالمثلث الإيراني :
_bالعلاقات السرية بين إسرائيل إيران - و الولايات المتحدة /
264 1 _aعمان :
_bدار الجليل للنشر،
_c1983.
300 _a228ص.
650 1 7 _aإيران
650 1 7 _aالعلاقات الدولية
650 1 7 _aإسرائيل
650 1 7 _aالولايات المتحدة
700 1 _aالسعدي، غازي
_eترجمة
942 _2ddc
_cBK
999 _c6787
_d6787